Œuvres exposées au Louvre - Statistiques

Statistiques générales
  • Ce quiz a été pris 181 fois
  • Le résultat moyen est 7 sur 14
Statistiques - réponses
Par images Hint Réponse % Correct
Léonard de Vinci La Joconde
99%
Eugène Delacroix La Liberté guidant le peuple
85%
Théodore Géricault Le Radeau de la Méduse
82%
Auteur inconnu Vénus de Milo
75%
Jacques-Louis David Le Sacre de Napoléon
72%
Hyacinthe Rigaud Portrait de Louis XIV en costume de sacre
72%
Jean Clouet Portrait de François Ier
59%
Auteur inconnu Victoire de Samothrace
43%
Paul Véronèse Les Noces de Cana
41%
Georges de La Tour Le Tricheur à l’as de carreau
25%
Léonard de Vinci Saint Jean-Baptiste
24%
Auteur inconnu Le Scribe accroupi
23%
Antonio Canova Psyché ranimée par le baiser de l'Amour
22%
Johannes Vermeer La Dentellière
20%
Aucun quiz correspondant
Distribution des résultats
% des personnes avec chaque résultat
Percentile par nombre de réponses
Votre historique - résultats
Vous n’avez pas pris ce quiz